000 00630nam a2200205Ia 4500
003 OSt
005 20230607080655.0
008 210423s2002 xx 000 0 und d
040 _cAL
041 _aeng
082 _a331
_223
_bSODT
100 _aSODHI (J S)
_9120730
245 _aTechnology transfer labour relations and human resource management in India
260 _aNew Delhi
_bSri Ramakrishna math
_c2002
365 _b300
_cINR
650 _aEconomics
_9120731
650 _aLabour Economics
_9120732
906 _ahuman ; India ; labour ; management ; relations ; resource ; Technology ; transfer
942 _2ddc
_cBK
999 _c176002
_d176002